000 06536nam a22006257a 4500
005 20090121100857.0
008 090121t xxu||||| |||| 00| 1 eng d
010 _aB-358988
020 _a9788130400501
_c100.00
020 _a8130400502
_c100.00
035 _aB-358988
035 _aB-343846-874
037 _bBlueberry Books
040 _adpl
_bEnglish
082 _aS
245 _aWorld famous classic fairy tales /
_cretold by Muskan; edited by Shyam Dua; illustrated by Tulika
260 _aDelhi
_bTiny Tot Publications
_c2008
270 _a235, Jagriti Enclave , Vikas Marg
_bDelhi
_e110092
_k22167314, 22163582
_l91-11-22143023
_mtinytotpub@hotmail.com
300 _a88 p. :
_bcol. ill.
_c25cm(Hb)
700 _aDua, Shyam
700 _aTulika
942 _2ddc
_cCH
_hS
_mWOR
999 _c21914
_d21914